Movies Quiz

Random Movies or Actor Quiz

Top Billed Actors On IMDb III Quiz Stats

 Plays Quiz Updated Mar 9, 2016

Challenge
Share
Tweet
Embed
Score 0/64 Timer 12:00
0 Plays Today
Movie Actor % Correct
The MatrixKeanu Reeves
92.9%
InceptionLeonardo DiCaprio
91.8%
Fight ClubBrad Pitt
91.4%
Wedding CrashersOwen Wilson
90.5%
Indiana Jones and the Kingdom of the Crystal SkullHarrison Ford
89.5%
Apollo 13Tom Hanks
88%
Kill Bill Vol.1Uma Thurman
86.8%
Wedding CrashersVince Vaughn
85.3%
War of the Worlds (2005)Tom Cruise
83.4%
Grown Ups 2Adam Sandler
82.7%
Harry Potter and the Deathly Hallows: Part 2Daniel Radcliffe
81.1%
Daredevil (2003)Ben Affleck
79.5%
Fight ClubEdward Norton
76.7%
Twilight: Breaking Dawn
Part 2
Kristen Stewart
72.2%
Twilight: Breaking Dawn
Part 2
Robert Pattinson
69.1%
King Kong (2005)Jack Black
69%
The MatrixLaurence Fishburne
63.8%
Grown Ups 2Chris Rock
63.4%
Man of SteelAmy Adams
62.8%
Daredevil (2003)Jennifer Garner
62.1%
Apollo 13Kevin Bacon
59.8%
Grown Ups 2Kevin James
59.5%
Fight ClubHelena Bonham Carter
58.2%
Star Wars: Attack of the ClonesEwan McGregor
58%
Star Wars: Attack of the ClonesNatalie Portman
57.4%
AvatarSigourney Weaver
55.8%
InceptionJoseph Gordon-Levitt
55.1%
InceptionEllen Page
54.9%
Harry Potter and the Deathly Hallows: Part 2Ralph Fiennes
54.3%
Harry Potter and the Deathly Hallows: Part 2Alan Rickman
53.4%
War of the Worlds (2005)Dakota Fanning
51.2%
AvatarZoe Saldana
51.2%
Movie Actor % Correct
Man of SteelHenry Cavill
51.1%
Wedding CrashersRachel McAdams
50.4%
Kill Bill Vol.1Lucy Liu
49.7%
King Kong (2005)Naomi Watts
49.4%
InceptionTom Hardy
49%
Twilight: Breaking Dawn
Part 2
Taylor Lautner
47.3%
Grown Ups 2David Spade
46.8%
AvatarSam Worthington
42%
The MatrixCarrie-Anne Moss
41.8%
Wedding CrashersChristopher Walken
41.6%
Indiana Jones and the Kingdom of the Crystal SkullShia LaBeouf
41.5%
Star Wars: Attack of the ClonesHayden Christensen
41%
The MatrixHugo Weaving
36.6%
Apollo 13Bill Paxton
34.3%
Indiana Jones and the Kingdom of the Crystal SkullCate Blanchett
31%
King Kong (2005)Adrien Brody
29.9%
Daredevil (2003)Colin Farrell
29.4%
Apollo 13Gary Sinise
28.9%
Fight ClubMeat Loaf
28.3%
Harry Potter and the Deathly Hallows: Part 2Michael Gambon
25%
Kill Bill Vol.1Vivica A. Fox
24%
Kill Bill Vol.1Daryl Hannah
23.8%
Star Wars: Attack of the ClonesChristopher Lee
21.8%
Daredevil (2003)Michael Clarke Duncan
19.6%
Man of SteelMichael Shannon
18.9%
Indiana Jones and the Kingdom of the Crystal SkullKaren Allen
17.8%
Man of SteelDiane Lane
15.8%
AvatarStephen Lang
8.1%
Twilight: Breaking Dawn
Part 2
Peter Facinelli
4.8%
War of the Worlds (2005)Justin Chatwin
4.5%
War of the Worlds (2005)Miranda Otto
4.5%
King Kong (2005)Thomas Kretschmann
2.6%

You're not logged in!

Compare scores with friends on all Sporcle quizzes.
OR
Log In

You Might Also Like...

Show Comments

Extras

Top Quizzes Today


Score Distribution

Your Account Isn't Verified!

In order to create a playlist on Sporcle, you need to verify the email address you used during registration. Go to your Sporcle Settings to finish the process.

Report this User

Report this user for behavior that violates our Community Guidelines.

Details: